000 00498nam a2200181Ia 4500
003 GCL
008 140319s9999 xx 000 0 ara d
040 _aGCL /
_cGCL
082 0 4 _a812
_bل س
100 1 _aلينين الرملى
245 1 0 _aسعدون المجنون /
_cلينين الرملى
260 _a[S.N] :
_bدار سعاد الصباح
300 _a174 ص
490 _a
650 0 4 _aالادب العربى
650 0 4 _aالمسرحيات العربية
942 _2ddc
_cBK
999 _c56406
_d56406